Team of the Tournament - Europei 1996 - Statistics

Statistiche generali
  • Questo quiz è stato fatto 9 volte
  • Il punteggio medio è 7 su 18
Statistiche sulle risposte
Ruolo Nazione Calciatore % Corretto
Difensore Francia Marcel Desailly
100%
Difensore Italia Paolo Maldini
100%
Attaccante Croazia Davor Šuker
83%
Attaccante Inghilterra Alan Shearer
50%
Portiere Inghilterra David Seaman
50%
Attaccante Bulgaria Hristo Stoichkov
50%
Difensore Francia Laurent Blanc
50%
Difensore Germania Matthias Sammer
33%
Centrocampista Inghilterra Paul Gascoigne
33%
Centrocampista Portogallo Rui Costa
33%
Portiere Germania Andreas Köpke
17%
Centrocampista Francia Didier Deschamps
17%
Centrocampista Repubblica Ceca Karel Poborský
17%
Centrocampista Inghilterra Steve McManaman
17%
Attaccante Francia Youri Djorkaeff
17%
Centrocampista Germania Dieter Eilts
0%
Attaccante Repubblica Ceca Pavel Kuka
0%
Difensore Repubblica Ceca Radoslav Látal
0%
Nessun quiz corrispondente trovato
Distribuzione punteggi
Percentuale di utenti per punteggio
Percentile per numero di risposta
I tuoi punteggi nel tempo
Non hai fatto questo quiz